| 000 | 00491nam a2200193Ia 4500 | ||
|---|---|---|---|
| 005 | 20250423100641.0 | ||
| 008 | 250422s9999 xx 000 0 und d | ||
| 020 | _a0321248031 | ||
| 050 | _aQA 76.73 .C153 F74/ | ||
| 100 | _aFriedman, Frank L. | ||
| 245 | 0 | _aProblem solving, abstraction, and design using C++ | |
| 250 | _a4th ed. | ||
| 260 | _aBoston | ||
| 260 | _bAddison-Wesley | ||
| 260 | _c2004 | ||
| 300 | _a835 p | ||
| 650 | _aC++ (Computer program language). | ||
| 942 | _cBK | ||
| 999 |
_c33946 _d33946 |
||